Analýza parametrov elektrického športového elektromobilu na platforme VW e-up
Salvato in:
| Autore principale: | |
|---|---|
| Altri autori: | |
| Natura: | Manoscritto Libro |
| Lingua: | slovacco |
| Pubblicazione: |
2018
|
| Soggetti: | |
| Accesso online: | http://is.stuba.sk/zp/portal_zp.pl?podrobnosti=128948 |
| Tags: |
Nessun Tag, puoi essere il primo ad aggiungerne!!
|
MARC
| LEADER | 00000ntm a22000003a 4500 | ||
|---|---|---|---|
| 001 | stuzp67234 | ||
| 003 | SK-STU | ||
| 005 | 20181115125520.2 | ||
| 007 | ta | ||
| 008 | 150427s2015----xo-----f-mn---000-0-slo-d | ||
| 040 | |a STU |b slo | ||
| 041 | 0 | |a slo | |
| 044 | |a xo | ||
| 100 | 1 | |a Špaček, Lukáš |u 030400 |4 aut |U FEI Fakulta elektrotechniky a informatiky |T FEI Ústav automobilovej mechatroniky |X 82519 |U E400 |Y 642 |7 82519 | |
| 242 | 0 | 1 | |a Analysis of the electric sports car dynamics on the VW e-up platform |y eng |
| 245 | 1 | 0 | |a Analýza parametrov elektrického športového elektromobilu na platforme VW e-up |
| 260 | |c 2018 | ||
| 300 | |a 54 s., |b CD-ROM | ||
| 650 | 4 | |a acceleration |2 eng | |
| 650 | 4 | |a battery car |2 eng | |
| 650 | 4 | |a VW E - UP |2 eng | |
| 650 | 4 | |a elektromotor |2 slo | |
| 650 | 4 | |a zrýchlenie |2 slo | |
| 650 | 4 | |a VW E - UP |2 slo | |
| 700 | 1 | |a Bugár, Martin |u 030400 |k Z1 |4 ths |U FEI Fakulta elektrotechniky a informatiky |T FEI Ústav automobilovej mechatroniky |X 14157 |U E400 |Y 642 |7 A000014157 | |
| 856 | 4 | |u http://is.stuba.sk/zp/portal_zp.pl?podrobnosti=128948 | |
| 996 | |b 284ER02685 |c E*Bc- 2685 |l EE30 |s P |a 0 |w stuzp67234_0001 | ||